Management Information Systems (Record no. 222081)
[ view plain ]
| 000 -LEADER | |
|---|---|
| fixed length control field | 01410nam a22002297a 4500 |
| 005 - DATE AND TIME OF LATEST TRANSACTION | |
| control field | 20220404152218.0 |
| 008 - FIXED-LENGTH DATA ELEMENTS--GENERAL INFORMATION | |
| fixed length control field | 220329b ||||| |||| 00| 0 eng d |
| 020 ## - INTERNATIONAL STANDARD BOOK NUMBER | |
| International Standard Book Number | 9781292403281 |
| 040 ## - CATALOGING SOURCE | |
| Transcribing agency | AL |
| 041 ## - LANGUAGE CODE | |
| Language code of text/sound track or separate title | eng |
| 082 ## - DEWEY DECIMAL CLASSIFICATION NUMBER | |
| Edition number | 23 |
| Classification number | 658.4038011 |
| Item number | LAUM |
| 100 ## - MAIN ENTRY--PERSONAL NAME | |
| Personal name | Kenneth C Laudon |
| 9 (RLIN) | 26437 |
| 245 ## - TITLE STATEMENT | |
| Title | Management Information Systems |
| Remainder of title | Managing the digital firm |
| 250 ## - EDITION STATEMENT | |
| Edition statement | 7th ed. |
| 260 ## - PUBLICATION, DISTRIBUTION, ETC. | |
| Place of publication, distribution, etc. | London |
| Name of publisher, distributor, etc. | Pearson |
| Date of publication, distribution, etc. | 2022 |
| 300 ## - PHYSICAL DESCRIPTION | |
| Extent | 648p. |
| Other physical details | PB |
| Dimensions | 27.5x21.5cm. |
| 365 ## - TRADE PRICE | |
| Source of price type code | General |
| Price type code | 5471 |
| Price amount | ₹5037.90 |
| Currency code | ₹ |
| Unit of pricing | ₹6458.84 |
| Price note | 22% |
| Price effective from | 12/03/2022 |
| 520 ## - SUMMARY, ETC. | |
| Summary, etc. | The authoritative, case-based study of IS in business today.Management Information Systems: Managing the Digital Firm provides the most comprehensive overviewof information systems used by business firms today, while drawing connectionsbetween MIS and business performance. The Laudons are known for theiroutstanding real-world case studies, which describe how well-known companiesuse IT to solve problems and achieve business objectives. Students developsought-after skills, such as leading IS-related management discussions andusing IT to meet bottom-line results. Each chapter of the 17th edition featuresall-new Interactive Sessions, new Video Cases, and a new Career Opportunitiessection building practical job-seeking skills.<br/> |
| 650 ## - SUBJECT ADDED ENTRY--TOPICAL TERM | |
| Source of heading or term | Executive management |
| Topical term or geographic name entry element | Management |
| 9 (RLIN) | 27406 |
| 700 ## - ADDED ENTRY--PERSONAL NAME | |
| Personal name | Laudon, Jane P |
| 9 (RLIN) | 26438 |
| 942 ## - ADDED ENTRY ELEMENTS (KOHA) | |
| Source of classification or shelving scheme | Dewey Decimal Classification |
| Koha item type | Book |
| Withdrawn status | Lost status | Source of classification or shelving scheme | Damaged status | Not for loan | Collection code | Home library | Current library | Date acquired | Source of acquisition | Cost, normal purchase price | Total Checkouts | Full call number | Barcode | Date last seen | Cost, replacement price | Price effective from | Koha item type |
|---|---|---|---|---|---|---|---|---|---|---|---|---|---|---|---|---|---|
| Dewey Decimal Classification | MCom Finance & Analytics | St Aloysius PG Library | St Aloysius PG Library | 03/14/2022 | Biblios Book Point | 5037.90 | 658.4038011 LAUM | PG023903 | 08/24/2022 | 6458.84 | 12/03/2022 | Book |